| Tag |
First Indicator |
Second Indicator |
Subfields |
| LEADER |
00000cam a2200000 4500 |
| 001 |
in00000617621 |
| 005 |
20151015050441.0 |
| 008 |
740313s1973 caua 00110 eng |
| 010 |
|
|
|a 72094254
|
| 035 |
|
|
|a (OCoLC)00858132
|
| 035 |
|
|
|9 ACS9719AM
|
| 037 |
|
|
|c $8.95
|
| 040 |
|
|
|a DLC
|c DLC
|d TXA
|d UtOrBLW
|
| 049 |
|
|
|a TXAM
|c [1401059]
|
| 050 |
0 |
0 |
|a TT924
|b .O44
|
| 082 |
0 |
|
|a 738.1/3
|
| 100 |
1 |
|
|a Olsen, Frederick L.
|
| 245 |
1 |
4 |
|a The kiln book /
|c [by] Frederick L. Olsen.
|
| 250 |
|
|
|a [1st ed.].
|
| 264 |
|
1 |
|a Bassett, Calif. :
|b Keramos Books,
|c [1973]
|
| 264 |
|
4 |
|c [©1973]
|
| 300 |
|
|
|a x, 146 pages :
|b illustrations ;
|c 22 x 26 cm.
|
| 336 |
|
|
|a text
|b txt
|2 rdacontent
|
| 337 |
|
|
|a unmediated
|b n
|2 rdamedia
|
| 338 |
|
|
|a volume
|b nc
|2 rdacarrier
|
| 650 |
|
0 |
|a Kilns.
|
| 999 |
|
|
|a MARS
|
| 999 |
f |
f |
|s c8406e0a-c710-38c0-8131-9d7f30a327b8
|i 4482f90c-5189-3c4f-b40c-f8f173a0b085
|t 0
|
| 952 |
f |
f |
|p ric
|a Texas A&M University
|b Rellis Campus
|c Joint Library Facility
|d Remote Storage
|t 0
|e TT924 .O44
|h Library of Congress classification
|i unmediated -- volume
|m A14805668101
|
| 998 |
f |
f |
|a TT924 .O44
|t 0
|l Remote Storage
|